The effect of the N-substituent in electrophilic substitution reactions with acyclic nitrogen substituted carbonyl compounds.

Bibliographic Details
Main Author: Smith, Jon Kirk
Other Authors: Bergbreiter, David E. (degree committee member.), Gunn, M. (degree committee member.), Russell, D. (degree committee member.)
Format: Thesis Book
Language:English
Published: 1986.
Subjects:
Online Access:Link to ProQuest copy
Link to OAKTrust copy

MARC

Tag First Indicator Second Indicator Subfields
LEADER 00000ctm a2200000Ia 4500
001 in00000009065
005 20220104090719.0
008 880315s1986 xx a bm 000 0 eng d
035 |9 AAA3138AM 
035 |a (OCoLC)17630693 
035 |a (OCoLC)ocm17630693 
040 |a TXA  |b eng  |c TXA  |d OCLCQ  |d OCLCF  |d OCLCO  |d OCLCQ  |d TXA 
049 |a TXAM 
099 |a 1986  |a Dissertation  |a S652 
100 1 |a Smith, Jon Kirk. 
245 1 4 |a The effect of the N-substituent in electrophilic substitution reactions with acyclic nitrogen substituted carbonyl compounds. 
264 1 |c 1986. 
300 |a xv, 188 leaves :  |b illustrations ;  |c 29 cm 
336 |a text  |b txt  |2 rdacontent 
337 |a unmediated  |b n  |2 rdamedia 
338 |a volume  |b nc  |2 rdacarrier 
500 |a Typescript (photocopy). 
500 |a Vita. 
502 |b Ph. D. in Chemistry  |c Texas A & M University  |d 1986 
504 |a Includes bibliographical references (leaves 181-187). 
520 3 |a The regioselectivity in the deprotonation of ketimines was examined. The studies examined the effect of the base, the deprotonation temperature and the nitrogen substituent on the formation of azaallyllithium reagents from ketimines. Deprotonations were performed using LDA or LDEA in THF at temperatures ranging from -78°C to ambient. Deprotonation of 2-butanone imines at -78°C using either LDA or LDEA, afforded predominantly 3-pentanone imines, upon methylation. Deprotonation at warmer temperatures afforded increasing amounts of 3-methyl-2-butanone imines, upon methylation. The rate of deprotonation of the E:Z equilibrium mixture of imines was found to be independent of the base concentration; however, the rate of deprotonation of isomerically pure (Z)-2-butanone imines was dependent on the base concentration. It was proposed that deprotonation by LDA at -78°C was rate limited by C=N bond isomerization. It was concluded that hindered dialkylamide bases, notably LDA, and, to a lesser extent, LDEA, preferentially deprotonate 2-butanone imines anti to the N-substituent. The deprotonation regioselectivity of isomerically pure 3-hexanone imines was examined, and found to range from 5:1 to 100:1 (anti:syn). The degree of selectivity depended upon the N-substituent. The deprotonation regioselectivity of (Z)-[1-¹³C]-3-pentanone imines was determined to range from 2.3:1 to 15:1 (preferentially anti), again depending on the N-substituent. Deprotonation with LDEA was found to be somewhat less selective than with LDA. It was observed that the initial formation of 2-azaallyllithium intermediate eliminated any regioselectivity in the formation of 1-azaallyllithium reagents from 3-pentanone benzyl imines. The relative kinetic and thermodynamic acidity of the benzylic, the methylene and the methyl position of the benzyl imines was determined. Transition state models were proposed to account for the regioselectivity observed. The asymmetric induction imparted by the chiral substituents in alkylations and aldol reactions with imidate esters was determined. The degree of diastereoselectivity obtained in alkylation reactions was determined to range from 34% to 98% de. Aldol reactions afforded predominantly threo aldol products. The diastereoselectivities ranged from 2.8:1 to 14:1, enantioselectivities ranged from 90% to 96% ee. Chelating substituents afforded a higher degree of asymmetric induction than nonchelating substituents. Transition state models were proposed to account for the stereoselectivity observed. 
650 0 |a Carbonyl compounds. 
650 0 |a Organonitrogen compounds. 
650 0 |a Substitution reactions. 
650 4 |a Major chemistry. 
655 7 |a Academic theses  |2 lcgft 
700 1 |a Bergbreiter, David E.,  |e degree committee member. 
700 1 |a Gunn, M.,  |e degree committee member. 
700 1 |a Newcomb, Martin,  |e degree supervisor. 
700 1 |a Russell, D.,  |e degree committee member. 
710 2 |a Texas A & M University,  |e degree granting institution. 
856 4 1 |u http://proxy.library.tamu.edu/login?url=http://proquest.umi.com/pqdweb?did=752634281&sid=1&Fmt=2&clientId=2945&RQT=309&VName=PQD  |z Link to ProQuest copy  |t 0 
856 4 1 |u https://hdl.handle.net/1969.1/DISSERTATIONS-16984  |z Link to OAKTrust copy  |t 0 
994 |a C0  |b TXA 
999 f f |s 56df4510-5c4d-3fdf-9426-8c5347c10881  |i 183342e2-5114-33c0-bc8d-a3c2bab7a40b  |t 0 
952 f f |p noncirc  |a Texas A&M University  |b J.J. Pickle Campus  |c High Density Repository  |s HDR  |d Remote Storage  |t 0  |e 1986 Dissertation S652  |h Other scheme  |i unmediated -- volume  |m A14839615651 
952 f f |a Texas A&M University  |b College Station  |c Electronic Resources  |s www_evans  |d Available Online  |t 0  |e 1986 Dissertation S652  |h Other scheme 
998 f f |a 1986 Dissertation S652  |t 0  |l Available Online 
998 f f |a 1986 Dissertation S652  |t 0  |l Remote Storage